000
00310nam a2200133Ia 4500
008
240624s9999 xx 000 0 und d
041
_a
eng
082
_a
828 BAS
100
_a
BASU SIDDHARTHA
245
_a
KAUN BANEGA CROREPATI
260
_c
2010
_a
New Delhi
_b
Rupa & Co.
300
_a
272 : p.
365
_c
RS
999
_c
17149
_d
17149